El socio-consumidor : (Registro nro. 6343)
[ vista simple ]
| 000 -LEADER | |
|---|---|
| fixed length control field | 01490nab a22002417a 4500 |
| 003 - CONTROL NUMBER IDENTIFIER | |
| control field | OSt |
| 005 - DATE AND TIME OF LATEST TRANSACTION | |
| control field | 20260130220746.0 |
| 008 - FIXED-LENGTH DATA ELEMENTS--GENERAL INFORMATION | |
| fixed length control field | 190603e xxum|||| |||| 00| 0 spa d |
| 040 ## - CATALOGING SOURCE | |
| Transcribing agency | PJ |
| 100 ## - MAIN ENTRY--PERSONAL NAME | |
| 9 (RLIN) | 5822 |
| Personal name | Moro, Emilio F. |
| 245 13 - TITLE STATEMENT | |
| Title | El socio-consumidor : |
| Remainder of title | ¿un oxímoron? / |
| Statement of responsibility, etc | Emilio F. Moro. |
| 260 ## - PUBLICATION, DISTRIBUTION, ETC. (IMPRINT) | |
| Date of publication, distribution, etc | Ciudad Autónoma de Buenos Aires : |
| Place of publication, distribution, etc | Thomson Reuters La Ley, |
| Name of publisher, distributor, etc | 2025. |
| 300 ## - PHYSICAL DESCRIPTION | |
| Extent | p. 255-280 |
| 500 ## - GENERAL NOTE | |
| General note | Cita: TR LALEY AR/DOC/2271/2025 <br/>Publicado en: RCCyC 2025 (Octubre). |
| 505 ## - FORMATTED CONTENTS NOTE | |
| Formatted contents note | Sumario: I. Introito.— II. Aproximación y descripción genérica de la condición de socio.— III. Recaudos necesarios para la configuración de una relación de consumo. El escenario particular que bosquejan las relaciones jurídicas intrasocietarias.— IV. Socios de sociedades cooperativas (y potenciales consumidores frente a la propia persona jurídica).— V. Socios de sociedades anónimas abiertas.— VI. El socio aportante de criptoactivos al capital social: ¿la sociedad como by-stander en dicha relación de consumo?— VII. Colofón. |
| 505 ## - FORMATTED CONTENTS NOTE | |
| Title | ¿Te interesa el texto completo? Solicitalo al correo: koha@justierradelfuego.gov.ar |
| 650 #0 - SUBJECT ADDED ENTRY--TOPICAL TERM | |
| 9 (RLIN) | 1497 |
| Topical term or geographic name as entry element | CODIGO CIVIL Y COMERCIAL |
| 650 #0 - SUBJECT ADDED ENTRY--TOPICAL TERM | |
| 9 (RLIN) | 646 |
| Topical term or geographic name as entry element | SOCIEDADES COMERCIALES |
| 650 #0 - SUBJECT ADDED ENTRY--TOPICAL TERM | |
| 9 (RLIN) | 1625 |
| Topical term or geographic name as entry element | SOCIEDAD ANONIMA |
| 650 #0 - SUBJECT ADDED ENTRY--TOPICAL TERM | |
| Topical term or geographic name as entry element | APORTE SOCIETARIO |
| 773 0# - HOST ITEM ENTRY | |
| Host Biblionumber | 2713 |
| Host Itemnumber | 3170 |
| Place, publisher, and date of publication | Ciudad Autónoma de Buenos Aires : Thomson Reuters La Ley, 2015- |
| Title | Revista Código Civil y Comercial. Nº 5 - Octubre 2025 |
| 942 ## - ADDED ENTRY ELEMENTS (KOHA) | |
| Source of classification or shelving scheme | |
| Koha item type | Analítica Artículo de Revista |
No hay ítems disponibles.
